Najpopularniejsze owoce - Statystyki

Ogólne statystyki
  • Ten quiz został rozwiązany 11 739 razy
  • Średni wynik to 14 z 24
Statystyki odpowiedzi
Wyniki Owoc % Poprawnych
2 602 Jabłko
97%
1 346 Banan
94%
2 803 Pomarańcza
90%
1 185 Truskawka
85%
311 Gruszka
81%
643 Malina
81%
159 Arbuz
76%
6 348 Cytryna
76%
665 Borówka
67%
94 Kiwi
66%
1 425 Wiśnia
66%
515 Mango
61%
553 Śliwka
61%
552 Winogrono
60%
1 659 Ananas
59%
596 Brzoskwinia
59%
2 512 Limonka
41%
124 Granat
34%
181 Jeżyna
31%
386 Morela
30%
110 Grejpfrut
28%
110 Figa
20%
1 159 Żurawina
11%
365 Daktyl
9%
Nie znaleziono quizów pasujących do podanych kryteriów
Rozkład punktacji
Procent ludzi z każdym wynikiem
Percentyl według liczby udzielonych odpowiedzi
Twoja historia wyników
Nie rozwiązałeś tego quizu